000 00631nam a22001937a 4500
003 DO-SdBNP
005 20220720102844.0
007 ta
008 110428s2013 dr 000 0 spa d
040 _aDO-SdBNP
_bspa
_cBNPHU
082 _axxx
_bxxx
245 0 0 _aNacionalidad dominicana :
_by regulación de extranjeros, sentencia 0168/13 del Tribunal Constitucional
260 _aSanto Domingo :
_bJunta Central Electoral,
_bTribunal Constitucional,
_c2013.
300 _a76 p. ;
_c28 cm.
500 _aIncluye notas y biografías a pie de paginas.
590 _aInventariado, 2022/ YL
910 _aYLockward
942 _2ddc
_cLBS1
999 _c52199
_d52199